| 000 | 00814nam a22002177a 4500 | ||
|---|---|---|---|
| 005 | 20140313100409.0 | ||
| 008 | 140108b xxu||||| |||| 00| 0 eng d | ||
| 020 | _a978146657119 | ||
| 050 |
_aHD 30.255 _b.Z85 2013 |
||
| 100 | _aZokaei, A. Keivan. | ||
| 245 |
_aCreating a lean and green business system : _btechniques for improving profits and sustainability / _cKeivan Zokaei, Hunter Lovins, Andy Wood, Peter Hines. |
||
| 260 |
_aBoca Raton : CRC Press, _bTaylor & Francis Group, _c2013. |
||
| 300 |
_axix, 233 p. : _bill. ; _c26 cm. |
||
| 504 | _aIncludes Bibliographic References and Index. | ||
| 521 | _aBSBA | ||
| 650 |
_aIndustrial management _xEnvironmental aspects. |
||
| 650 | _aOrganizational effectiveness. | ||
| 650 | _aBusiness logistics. | ||
| 942 |
_2lcc _cBK _kFOR |
||
| 999 |
_c25956 _d25956 |
||